Annuaire du prolétariat (Record no. 172012)

MARC details
000 -LEADER
campo de control de longitud fija 00799nam a22001935i 4500
001 - NÚMERO DE CONTROL
campo de control 172012
003 - IDENTIFICADOR DE NÚMERO DE CONTROL
campo de control ES-MaACL
005 - FECHA Y HORA DE LA ÚLTIMA TRANSACCIÓN
campo de control 20230906214806.0
008 - DATOS DE LONGITUD FIJA--INFORMACIÓN GENERAL
campo de control de longitud fija 090610s1914 fr |||| | fre d
245 00 - MENCIÓN DEL TÍTULO
Título Annuaire du prolétariat
Resto del título : Année 1914. (Parti Socialiste (S.F.I.O.) Confédération générale du travail coopératives) /
Mención de responsabilidad, etc. publ. sous la direction de Louis Soulé ; Préface de Gustave Hervé ; avant-propos de Jules Nadi, Georges Yvetot et Ernest Poisson.
260 ## - PUBLICACIÓN, DISTRIBUCIÓN, ETC.
Lugar de publicación, distribución, etc. Paris :
Nombre del editor, distribuidor, etc. La France Politique,
Fecha de publicación, distribución, etc. 1914 (
Fabricante Beresniak & fils)
300 ## - DESCRIPCIÓN FÍSICA
Extensión 356 p. ;
Dimensiones 15 cm.
700 1# - ENTRADA AGREGADA--NOMBRE PERSONAL
Nombre de persona Soulé, Louis.
9 (RLIN) 140613
700 0# - ENTRADA AGREGADA--NOMBRE PERSONAL
Nombre de persona Hervé, Gustave.
9 (RLIN) 63425
700 1# - ENTRADA AGREGADA--NOMBRE PERSONAL
Nombre de persona Poisson, Ernest.
9 (RLIN) 92772
700 1# - ENTRADA AGREGADA--NOMBRE PERSONAL
Nombre de persona Yvetot, Georges.
9 (RLIN) 140614
700 1# - ENTRADA AGREGADA--NOMBRE PERSONAL
Nombre de persona Nadi, Jules.
9 (RLIN) 140615
852 ## - LOCALIZACIÓN
Ubicación ES-MaACL
Número de control de estantería F-10147
Holdings
Estatus retirado Estado de pérdida Estado de daño No para préstamo Biblioteca de origen Biblioteca actual Ubicación en estantería Fecha de adquisición Fuente de adquisición Total de préstamos Signatura topográfica completa Código de barras Visto por última vez Precio de reemplazo Tipo de ítem Koha
        Biblioteca del Ateneo de Madrid Biblioteca del Ateneo de Madrid Sala Pecera Planta 2 10/06/2009     F-10147 1180517 23/02/2023 23/02/2023 Libro impreso